The book of Joshua / (Record no. 9668)
[ view plain ]
| 000 -LEADER | |
|---|---|
| fixed length control field | 02369cam a2200409 i 4500 |
| 001 - CONTROL NUMBER | |
| control field | 6734226 |
| 003 - CONTROL NUMBER IDENTIFIER | |
| control field | OCoLC |
| 005 - DATE AND TIME OF LATEST TRANSACTION | |
| control field | 20210120170703.0 |
| 008 - FIXED-LENGTH DATA ELEMENTS--GENERAL INFORMATION | |
| fixed length control field | 800903s1981 miu b 001 0 eng |
| 010 ## - LIBRARY OF CONGRESS CONTROL NUMBER | |
| LC control number | 80023413 |
| 020 ## - INTERNATIONAL STANDARD BOOK NUMBER | |
| International Standard Book Number | 0802823564 |
| 020 ## - INTERNATIONAL STANDARD BOOK NUMBER | |
| International Standard Book Number | 9780802823564 |
| 020 ## - INTERNATIONAL STANDARD BOOK NUMBER | |
| International Standard Book Number | 0802825257 |
| 020 ## - INTERNATIONAL STANDARD BOOK NUMBER | |
| International Standard Book Number | 9780802825254 |
| 035 ## - SYSTEM CONTROL NUMBER | |
| System control number | (OCoLC)6734226 |
| Canceled/invalid control number | (OCoLC)7375690 |
| -- | (OCoLC)54765663 |
| -- | (OCoLC)971338019 |
| -- | (OCoLC)1055422463 |
| 040 ## - CATALOGING SOURCE | |
| Original cataloging agency | DLC |
| Language of cataloging | eng |
| Transcribing agency | DLC |
| Modifying agency | OCL |
| -- | MUQ |
| -- | NLGGC |
| -- | BTCTA |
| -- | YDXCP |
| -- | CBF |
| -- | BAKER |
| -- | UBA |
| -- | CBC |
| -- | HEBIS |
| -- | DEBBG |
| -- | ZID |
| -- | BDX |
| -- | OCLCO |
| -- | OCLCA |
| -- | OCLCF |
| -- | OCLCQ |
| -- | OCLCA |
| -- | DML |
| -- | OCLCO |
| -- | OCLCA |
| -- | MNLUT |
| -- | OCLCA |
| -- | CSE |
| -- | OCLCO |
| -- | FDU |
| -- | OCLCO |
| -- | CIRBC |
| 050 00 - LIBRARY OF CONGRESS CALL NUMBER | |
| Classification number | BS1295.3 |
| Item number | .W68 |
| 082 00 - DEWEY DECIMAL CLASSIFICATION NUMBER | |
| Classification number | 222/.2077 |
| Edition number | 19 |
| 092 0# - LOCALLY ASSIGNED DEWEY CALL NUMBER (OCLC) | |
| Filing suffix | R |
| Classification number | 220.77 |
| Item number | N53234 |
| 100 1# - MAIN ENTRY--PERSONAL NAME | |
| Personal name | Woudstra, Marten H. |
| 245 14 - TITLE STATEMENT | |
| Title | The book of Joshua / |
| Statement of responsibility, etc. | by Marten H. Woudstra. |
| 260 ## - PUBLICATION, DISTRIBUTION, ETC. | |
| Place of publication, distribution, etc. | Grand Rapids, Mich. : |
| Name of publisher, distributor, etc. | Eerdmans, |
| Date of publication, distribution, etc. | ©1981. |
| 300 ## - PHYSICAL DESCRIPTION | |
| Extent | xiv, 396 pages ; |
| Dimensions | 23 cm. |
| 336 ## - CONTENT TYPE | |
| Content type term | text |
| Content type code | txt |
| Source | rdacontent |
| 337 ## - MEDIA TYPE | |
| Media type term | unmediated |
| Media type code | n |
| Source | rdamedia |
| 338 ## - CARRIER TYPE | |
| Carrier type term | volume |
| Carrier type code | nc |
| Source | rdacarrier |
| 490 1# - SERIES STATEMENT | |
| Series statement | New international commentary on the Old Testament |
| 504 ## - BIBLIOGRAPHY, ETC. NOTE | |
| Bibliography, etc. note | Includes bibliographical references and index. |
| 505 0# - FORMATTED CONTENTS NOTE | |
| Formatted contents note | Title and purpose -- Authorship and date -- Unity of composition -- Occasion -- Historical background -- Theology -- Text -- Canonicity -- Analysis of contents -- Select bibliography -- The promised land conquered -- The promised land disturbed -- The promised land to be kept in Covenant obedience. |
| 520 ## - SUMMARY, ETC. | |
| Summary, etc. | This premier commentary series enjoys a worldwide readership of scholars, pastors, priests, rabbis, and serious Bible students. They eagerly consult in high-quality volumes to inform their preaching, teaching and academic research, and they warmly welcome each newly published volume as they would an encounter with a stimulating new friend. Through the rigorous yet reverent study contained in these commentary volumes, readers hear afresh the voice of the living God speaking his powerful word. |
| 630 00 - SUBJECT ADDED ENTRY--UNIFORM TITLE | |
| Uniform title | Bible. |
| Name of part/section of a work | Joshua |
| Form subdivision | Commentaries. |
| 655 #7 - INDEX TERM--GENRE/FORM | |
| Genre/form data or focus term | Commentaries. |
| Source of term | fast |
| Authority record control number or standard number | (OCoLC)fst01423723 |
| 730 02 - ADDED ENTRY--UNIFORM TITLE | |
| Uniform title | Bible. |
| Name of part/section of a work | Joshua. |
| Language of a work | English. |
| Version | Woudstra. |
| Date of a work | 1981. |
| 776 08 - ADDITIONAL PHYSICAL FORM ENTRY | |
| Relationship information | Online version: |
| Main entry heading | Woudstra, Marten H. |
| Title | Book of Joshua. |
| Place, publisher, and date of publication | Grand Rapids, Mich. : Eerdmans, ©1981 |
| Record control number | (OCoLC)560689649 |
| 830 #0 - SERIES ADDED ENTRY--UNIFORM TITLE | |
| Uniform title | New international commentary on the Old Testament. |
| 942 ## - ADDED ENTRY ELEMENTS (KOHA) | |
| Source of classification or shelving scheme | Dewey Decimal Classification |
| Koha item type | Books |
| Withdrawn status | Lost status | Source of classification or shelving scheme | Damaged status | Not for loan | Collection code | Home library | Current library | Shelving location | Date acquired | Full call number | Barcode | Date last seen | Price effective from | Koha item type |
|---|---|---|---|---|---|---|---|---|---|---|---|---|---|---|
| Dewey Decimal Classification | Not For Loan | Reference | Harvest Mission College | Harvest Mission College | Reference | 01.02.2021 | REF 222 W938B | 011081 | 01.02.2021 | 01.02.2021 | Reference |
